Đang tải...

Krithikal . 4V. Ed by M. Gopalakrishnan Nair. /

Chi tiết về thư mục
Tác giả chính: Narayanapillai, Pk
Ngôn ngữ:Undetermined
Được phát hành: Thiruvananthapuram : Kerala Bhasha Institute , 1995.
Những chủ đề:
LEADER 00860nam a2200169Ia 4500
001 132528
008 170722s9999 xx 000 0 und d
100 |a Narayanapillai, Pk 
245 |a Krithikal . 4V. Ed by M. Gopalakrishnan Nair. / 
260 |a Thiruvananthapuram :  |b Kerala Bhasha Institute ,  |c 1995. 
300 |c 21Cms 
500 |a V1.Kavikalum KavyaprasthanangalumV2.Parichinthanangalum PrabhashanangalumV3.Smaranayum SamskaravumV4Charitravum sasthra 
653 |a Malayalam Literature 
942 |c GEN 
999 |c 118359  |d 118359 
952 |0 0  |1 0  |4 0  |6 O_326M771X_N3_1N3_4KRN3_41N3_42  |7 0  |9 167331  |a LIB  |b LIB  |d 2017-08-12  |o O32,6M771x N3.1-N3.4(KR)N3.4;1-N3.4;2  |p 232323  |r 2017-08-12  |v 38.00  |w 2017-08-12  |y GEN 
952 |0 0  |1 0  |4 0  |6 O_326M771X_N3_1N3_4KRN3_41N3_42  |7 0  |9 167332  |a LIB  |b LIB  |d 2017-08-12  |o O32,6M771x N3.1-N3.4(KR)N3.4;1-N3.4;2  |p 236312  |r 2017-08-12  |v 38.00  |w 2017-08-12  |y GEN